000
00325nam a2200133 4500
008
260211b |||||||| |||| 00| 0 eng d
020
_a
9789362143792
082
_a
891.443 TAG
100
_a
Tagore, Rabindra
245
_a
Gora
260
_a
New Delhi
_b
Fingerprint Publishing
_c
2025
300
_a
446 pages
942
_2
ddc
_c
C
999
_c
65470
_d
65470